Eastern Utah Libraries Catalog: Duchesne, Heber, Roosevelt, & Vernal

Echoes of mercy (Record no. 189232)

MARC details
000 -LEADER
fixed length control field 02542cim a2200553 a 4500
001 - CONTROL NUMBER
control field 222908
003 - CONTROL NUMBER IDENTIFIER
control field DCL
005 - DATE AND TIME OF LATEST TRANSACTION
control field 20241220160805.0
008 - FIXED-LENGTH DATA ELEMENTS--GENERAL INFORMATION
fixed length control field 130910s2014 counnn f eng
010 ## - LIBRARY OF CONGRESS CONTROL NUMBER
LC control number 2013033559
020 ## - INTERNATIONAL STANDARD BOOK NUMBER
Cancelled/invalid ISBN 9780307731289 (electronic)
020 ## - INTERNATIONAL STANDARD BOOK NUMBER
International Standard Book Number 0307731278
035 ## - SYSTEM CONTROL NUMBER
System control number (IMchF)fol14960728
040 ## - CATALOGING SOURCE
Original cataloging agency DLC
Language of cataloging eng
Transcribing agency DLC
Modifying agency ICrlF
Description conventions rda
042 ## - AUTHENTICATION CODE
Authentication code pcc
050 00 - LIBRARY OF CONGRESS CALL NUMBER
Classification number PS3619.A97
Item number E28 2014
082 00 - DEWEY DECIMAL CLASSIFICATION NUMBER
Classification number 813/.6
Edition number 23
084 ## - OTHER CLASSIFICATION NUMBER
Classification number FIC042030
-- FIC042040
-- FIC027050
Source of number bisacsh
092 ## - LOCALLY ASSIGNED DEWEY CALL NUMBER (OCLC)
Classification number CDB
100 1# - MAIN ENTRY--PERSONAL NAME
Personal name Sawyer, Kim Vogel.
9 (RLIN) 55875
Relator term author
245 10 - TITLE STATEMENT
Title Echoes of mercy
Medium [sound recording] :
Remainder of title a novel /
Statement of responsibility, etc Kim Vogel Sawyer.
250 ## - EDITION STATEMENT
Edition statement 1st ed.
260 ## - PUBLICATION, DISTRIBUTION, ETC. (IMPRINT)
Place of publication, distribution, etc Colorado Springs, Colo. :
Name of publisher, distributor, etc WaterBrook Press,
Date of publication, distribution, etc 2014.
264 #1 - Production, Publication, Distribution, Manufacture, and Copyright Notice.
Place of production, publication, distribution, manufacture Prince Frederick, MD :
Name of producer, publisher, distributor, manufacturer Recorded Books,
Date of production, publication, distribution, manufacture, or copyr p2014.
300 ## - PHYSICAL DESCRIPTION
Extent 11 sound discs (13 hr., 15 min.) :
Other physical details digital ;
Dimensions 4 3/4 in.
336 ## - Content Type
Content type term spoken word
337 ## - Media type
Media type term audio
338 ## - Carrier type
Carrier type term audio disc
520 ## - SUMMARY, ETC.
Summary, etc Caroline Lang goes undercover as a factory worker in a chocolate factory to investigate the circumstances of an accident and how the factory treats its child workers. She meets Ollie Moore, who is posing as a common worker in the factory to find out more about the business that he will one day inherit and they become friends, although they have differences about child labor. When they both become involved with three children in need, they each worry that the truth about who they really are will destroy the love that is just beginning to grow between them.
521 2# - TARGET AUDIENCE NOTE
Target audience note Adult
Source Follett Library Resources
521 2# - TARGET AUDIENCE NOTE
Target audience note Adult
650 #0 - SUBJECT ADDED ENTRY--TOPICAL TERM
Topical term or geographic name as entry element Child labor
Form subdivision Fiction.
9 (RLIN) 5716843
650 #0 - SUBJECT ADDED ENTRY--TOPICAL TERM
Topical term or geographic name as entry element Chocolate factories
Form subdivision Fiction.
9 (RLIN) 6425654
650 #0 - SUBJECT ADDED ENTRY--TOPICAL TERM
Topical term or geographic name as entry element Social reformers
Form subdivision Fiction.
9 (RLIN) 6430444
650 #7 - SUBJECT ADDED ENTRY--TOPICAL TERM
Topical term or geographic name as entry element Child labor
Form subdivision Fiction.
Source of heading or term sears
9 (RLIN) 5716843
650 #7 - SUBJECT ADDED ENTRY--TOPICAL TERM
Topical term or geographic name as entry element Chocolate factories
Form subdivision Fiction.
Source of heading or term sears
9 (RLIN) 6425654
650 #7 - SUBJECT ADDED ENTRY--TOPICAL TERM
Topical term or geographic name as entry element Social problems
Form subdivision Fiction.
Source of heading or term sears
9 (RLIN) 5715636
650 #7 - SUBJECT ADDED ENTRY--TOPICAL TERM
Topical term or geographic name as entry element Love stories.
Source of heading or term sears
9 (RLIN) 102729
650 #7 - SUBJECT ADDED ENTRY--TOPICAL TERM
Topical term or geographic name as entry element Christian fiction.
Source of heading or term sears
9 (RLIN) 102655
650 #7 - SUBJECT ADDED ENTRY--TOPICAL TERM
Topical term or geographic name as entry element Historical fiction.
Source of heading or term sears
9 (RLIN) 102701
650 #7 - SUBJECT ADDED ENTRY--TOPICAL TERM
Topical term or geographic name as entry element FICTION / Christian / Historical.
Source of heading or term bisacsh
9 (RLIN) 5682405
650 #7 - SUBJECT ADDED ENTRY--TOPICAL TERM
Topical term or geographic name as entry element FICTION / Christian / Romance.
Source of heading or term bisacsh
9 (RLIN) 5682406
650 #7 - SUBJECT ADDED ENTRY--TOPICAL TERM
Topical term or geographic name as entry element FICTION / Romance / Historical.
Source of heading or term bisacsh
9 (RLIN) 5682407
655 #7 - INDEX TERM--GENRE/FORM
Genre/form data or focus term Love stories.
Source of term gsafd
9 (RLIN) 102729
655 #7 - INDEX TERM--GENRE/FORM
Genre/form data or focus term Christian fiction.
Source of term gsafd
9 (RLIN) 102655
655 #7 - INDEX TERM--GENRE/FORM
Genre/form data or focus term Historical fiction.
Source of term gsafd
9 (RLIN) 102701
856 42 - ELECTRONIC LOCATION AND ACCESS
Materials specified Cover image
Uniform Resource Identifier <a href="9780307731272.jpg">9780307731272.jpg</a>
942 ## - ADDED ENTRY ELEMENTS (KOHA)
Koha item type Audiobook on CD
Source of classification or shelving scheme Dewey Decimal Classification
Holdings
Withdrawn status Lost status Source of classification or shelving scheme Materials specified (bound volume or other part) Damaged status Not for loan Collection code Home library Current library Shelving location Date acquired Source of acquisition Cost, normal purchase price Total Checkouts Full call number Barcode Date last seen Date checked out Cost, replacement price Price effective from Koha item type
    Dewey Decimal Classification .CIRCNOTE. 11 discs     Audiobooks Wasatch County Library Wasatch County Library Second Floor 06/30/2014   123.75 8 CD Saw 34301001297664 03/07/2024 06/08/2021 123.75 03/20/2020 Audiobook on CD
This project was made possible through a grant from the Institute of Museum and Library Service administered by the Utah State Library Division.

Wasatch County Library

  • 465 East 1200 South, Heber City, Utah 84032
  • Phone 435-654-1511 | Fax 435-654-6456

Hours

  • Monday - Friday 9:30 AM - 8:00 PM
  • Saturday 9:30 AM - 1:30 PM
  • Closed Sundays and Holidays